000 02067nam a22003377a 4500
005 20100826122442.0
008 090109t xxu||||| |||| 00| 0urd d
010 _aUR-7925 ,B-429134-138
020 _c125.00
_a9788182238183
035 _aU-6480
035 _aB-429134-138
037 _bDBAD/PUB
040 _aDPL
_burd
082 _aک
100 _912785
_aعنبر ی ر حمن
245 _aمٹی کی خو شبو /
_b
_cعنبر ی ر حمن ، تر تیب و تقد یم شیخ عقیل احمد
246 _aMitti Ki Khushbu
_bby Ambari Rahman
260 _aدہلی
_c2011
_bایجوکیشنل پبلشنگ ہاؤس
270 _a3108,Vakil Street, Kucha Pandit,Lal Kuan
_bDelhi
_e110006
_mwww.ephbooks.com
_k011-23216162
_l0091-11-23211540
300 _a110 ص
_c22 س م (Hb)
650 _912786
700 _934961
_aتر تیب و تقد یم شیخ عقیل احمد
942 _2ddc
_cUR
_hک
_mع ن ب
999 _c57233
_d57233